Statistics for Overwatch League Players

Click here to take the quiz!

General Stats

  • This quiz has been taken 59 times
  • The average score is 56 of 135

Answer Stats

HintAnswer% Correct
New York Excelsior, OffencePine
76%
New York Excelsior, SupportJJoNak
73%
New York Excelsior, TankMano
63%
San Francisco Shock, Tanksuper
63%
Former Dallas Fuel, TankxQc
63%
Philadelphia Fusion, OffenceCarpe
61%
Dallas Fuel, FlexSeagull
61%
New York Excelsior, FlexMekO
59%
Boston Uprising, OffenceStriker
59%
Houston Outlaws, OffenceJAKE
56%
Houston Outlaws, TankMuma
56%
London Spitfire, OffenceProfit
56%
San Francisco Shock, Offencesinatraa
56%
Los Angeles Gladiators, OffenceSurefour
56%
Los Angeles Valiant, OffenceAgilities
54%
New York Excelsior, SupportArK
54%
Los Angeles Gladiators, SupportBigGoose
54%
London Spitfire, Offencebirdring
54%
Seoul Dynasty, OffenceFleta
54%
Dallas Fuel, SupportHarryHook
54%
London Spitfire, SupportBdosin
51%
Philadelphia Fusion, SupportBoombox
51%
Los Angeles Valiant, SupportCusta
51%
London Spitfire, TankGesture
51%
Los Angeles Gladiators, OffenceHydration
51%
New York Excelsior, OffenceLibero
51%
Houston Outlaws, OffenceLiNkzr
51%
Dallas Fuel, FlexMickie
51%
San Francisco Shock, Supportmoth
51%
Houston Outlaws, SupportRawkus
51%
Los Angeles Valiant, FlexSPACE
51%
Dallas Fuel, OffenceTaimou
51%
New York Excelsior, SupportAnamo
49%
Houston Outlaws, FlexCoolmatt
49%
Philadelphia Fusion, OffenceEqo
49%
Los Angeles Valiant, TankFate
49%
London Spitfire, FlexFury
49%
Boston Uprising, TankGamsu
49%
Los Angeles Valiant, SupportKariV
49%
Dallas Fuel, TankOGE
49%
Former London Spitfire/Dallas Fuel, OffenceRascal
49%
Seoul Dynasty, Supportryujehong
49%
Florida Mayhem, OffenceTviQ
49%
Dallas Fuel, SupportuNKOE
49%
Dallas Fuel, OffenceEFFECT
46%
Los Angeles Gladiators, TankFissure
46%
Philadelphia Fusion, TankFragi
46%
Shanghai Dragons, FlexGeguri
46%
Boston Uprising, SupportKellex
46%
Seoul Dynasty, TankMiro
46%
New York Excelsior, OffenceSaebyeolbe
46%
Los Angeles Gladiators SupportShaz
46%
Houston Outlaws, SupportBani
44%
Los Angeles Gladiators, FlexBischu
44%
Houston Outlaws, SupportBoink
44%
Shanghai Dragons, OffenceDiya
44%
Former Boston Uprising, OffenceDreamKazper
44%
New York Excelsior, TankJanus
44%
Florida Mayhem, OffenceLogix
44%
Boston Uprising, SupportNeko
44%
Boston Uprising, FlexNotE
44%
Philadelphia Fusion, FlexPoko
44%
Philadelphia Fusion, TankSADO
44%
San Francisco Shock, Supportsleepy
44%
Los Angeles Gladiators, FlexVoid
44%
Florida Mayhem, SupportZebbosai
44%
San Francisco Shock, Offencebabybay
41%
Dallas Fuel, Supportchipshajen
41%
Dallas Fuel, Tankcocco
41%
San Francisco Shock, OffenceDanteh
41%
Florida Mayhem, OffenceSayaplayer
41%
Philadelphia Fusion, OffenceShaDowBurn
41%
Los Angeles Valiant, OffenceSoOn
41%
Houston Outlaws, FlexSPREE
41%
Florida Mayhem, SupportZuppeh
41%
Dallas Fuel, OffenceaKm
39%
Los Angeles Gladiators, TankiRemiix
39%
Florida Mayhem, FlexManneten
39%
Boston Uprising, OffenceMistakes
39%
Philadelphia Fusion, SupportneptuNo
39%
London Spitfire, SupportNUS
39%
Seoul Dynasty, Supporttobi
39%
Florida Mayhem, Flexzappis
39%
Boston Uprising, SupportAimGod
37%
Houston Outlaws, OffenceClockwork
37%
San Francisco Shock, SupportdhaK
37%
Former Los Angeles Valiant, FlexEnvy
37%
Shanghai Dragons, TankFearless
37%
Former London Spitfire, OffenceHooreg
37%
San Francisco Shock, FlexNevix
37%
Shanghai Dragons, OffenceAdo
34%
San Francisco Shock, OffenceArchitect
34%
Houston Outlaws, OffenceArHaN
34%
Los Angeles Gladiators, OffenceAsher
34%
Los Angeles Valiant, OffenceBunny
34%
San Francisco Shock, FlexChoiHyoBin
34%
London Spitfire, SupportCloser
34%
Florida Mayhem, TankCWoosH
34%
Philadelphia Fusion, FlexHOTBA
34%
Los Angeles Valiant, OffenceKSF
34%
Seoul Dynasty, TankKuki
34%
San Francisco Shock, Tanknomy
34%
Los Angeles Gladiators, Offencesilkthread
34%
Philadelphia Fusion, Offencesnillo
34%
Former Shanghai Dragons, OffenceUndead
34%
Houston Outlaws, TankFCTFCTN
32%
Boston Uprising, FlexKalios
32%
Seoul Dynasty, OffenceMunchkin
32%
Former London Spitfire, FlexWooHyal
32%
Seoul Dynasty, FlexZunba
32%
Philadelphia Fusion, SupportJoemeister
29%
Houston Outlaws, OffenceMendokusaii
29%
Shanghai Dragons, SupportSky
29%
Boston Uprising, SupportAvast
27%
Florida Mayhem, TankaWesomeGuy
27%
Shanghai Dragons, SupportFiveking
27%
San Francisco Shock, Offenceiddqd
27%
Los Angeles Valiant, SupportIzayaki
27%
Los Angeles Valiant, Tanknumlocked
27%
Boston Uprising, SupportSnow
27%
Los Angeles Valiant, SupportVerbo
27%
Seoul Dynasty, FlexxepheR
27%
Philadelphia Fusion, SupportDayfly
24%
Shanghai Dragons, SupportFreefeel
24%
Former London Spitfire, SupportHaGoPeun
24%
Former Shanghai Dragons, FlexMG
24%
Shanghai Dragons, TankRoshan
24%
Former London Spitfire, TankTizi
24%
Shanghai Dragons, OffenceDaemin
22%
Los Angeles Valiant, FlexFinnsi
22%
Shanghai Dragons, SupportAltering
20%
Seoul Dynasty, SupportGambler
20%
Seoul Dynasty, SupportGido
20%
Seoul Dynasty, OffenceWekeed
20%
Shanghai Dragons, FlexXushu
20%

Score Distribution

Percentile by Number Answered

Percent of People with Each Score

Your Score History

You have not taken this quiz